Canada-United States Interparliamentary Group.

Bibliographic Details
Corporate Author: ProQuest (Firm)
Format: eBook
Language:English
Published: Washington : [publisher not identified], 1969.
Series:United States congressional serial set.
Subjects:
Online Access:Connect to the full text of this electronic book

MARC

Tag First Indicator Second Indicator Subfields
LEADER 00000cam a22000001a 4500
001 in00002789050
005 20190331182900.0
006 m o d
007 cr bn mmmapmmp
008 100104s1969 dcu o f000 0 eng d
035 |a cis2004341457 
040 |a UMI  |c UMI  |d UtOrBLW 
043 |a n-us--- 
099 |a ProQuest Serial Set Number 12840 S.doc.35 
245 0 0 |a Canada-United States Interparliamentary Group. 
246 1 |a Canada-United States Interparliamentary Group, report on 12th meeting, June 3-8, 1969 
264 1 |a Washington :  |b [publisher not identified],  |c 1969. 
300 |a 1 online resource. 
336 |a text  |b txt  |2 rdacontent 
337 |a computer  |b c  |2 rdamedia 
338 |a online resource  |b cr  |2 rdacarrier 
490 0 |a S.doc.35 
500 |a Record is based on bibliographic data in ProQuest U.S. Serial Set Digital Collection (last viewed Jan. 2010). Reuse except for individual research requires license from ProQuest, LLC. 
510 3 |a ProQuest U.S. Serial Set Digital Collection 
500 |a Electronic resource. 
610 2 0 |a Canada-United States Interparliamentary Group. 
650 0 |a International relations. 
651 0 |a Canada. 
655 7 |a Electronic books.  |2 local 
710 2 |a ProQuest (Firm) 
830 0 |a United States congressional serial set. 
856 4 0 |u http://proxy.library.tamu.edu/login?url=http://congressional.proquest.com/congcomp/getdoc?SERIAL-SET-ID=12840+S.doc.35  |z Connect to the full text of this electronic book  |t 0 
999 |a MARS 
999 f f |s 691eb01b-8613-310e-b311-05cb662d80f9  |i 593accae-38a8-3d2d-8e11-7a5fe9416fe7  |t 0 
952 f f |a Texas A&M University  |b College Station  |c Electronic Resources  |d Available Online  |t 0  |e ProQuest Serial Set Number 12840 S.doc.35  |h Other scheme 
998 f f |a ProQuest Serial Set Number 12840 S.doc.35  |t 0  |l Available Online